U.S. Empire - Statistics

General Stats
  • This quiz has been taken 84 times
  • The average score is 4 of 7
Answers on the Map
Answers color-coded by a green-red scale on the quiz's map according to % correct below.
 
Answer Stats
Answer % Correct
United States
86%
Philippines
84%
Cuba
81%
F.S Micronesia
49%
Palau
49%
Marshall Islands
46%
Panama
43%
No matching quizzes found
Score Distribution
Percent of People with Each Score
Percentile by Number Answered
Your Score History
You have not taken this quiz